Nimeä satunnaiset puuttuvat Aasian valtiot - Statistics

Yleistilastot
  • Tätä visaa on pelattu 41 kertaa
    27 viimeisimmän päivityksen jälkeen
  • Keskiarvotulos 8 / 10
Vastaukset kartalla
Vastauksille on annettu kartalla punavihreä väri sen mukaan, kuinka moni on saanut sen oikein.
 
Vastaustilastot
Vastaus % Oikein
Azerbaidžan
100%
Bangladesh
100%
Bhutan
100%
Indonesia
100%
Intia
100%
Iran
100%
Jemen
100%
Jordania
100%
Kambodža
100%
Kazakstan
100%
Kiina
100%
Kirgisia
100%
Kuwait
100%
Mongolia
100%
Myanmar
100%
Nepal
100%
Pakistan
100%
Saudi-Arabia
100%
Tadžikistan
100%
Taiwan
100%
Thaimaa
100%
Turkmenistan
100%
Uzbekistan
100%
Vietnam
100%
Syyria
88%
Afganistan
83%
Filippiinit
80%
Japani
80%
Malediivit
80%
Etelä-Korea
75%
Georgia
75%
Irak
75%
Oman
75%
Sri Lanka
71%
Laos
67%
Turkki
67%
Yhdistyneet arabiemiraatit
67%
Qatar
63%
Israel
60%
Pohjois-Korea
60%
Armenia
50%
Libanon
50%
Malesia
50%
Singapore
50%
Bahrain
25%
Brunei
0%
Ehtoja vastaavia visoja ei löytynyt
Tulosjakauma
Jokaisen tuloksen saaneiden osuus
Persentiili vastausten määrän mukaan
Tuloshistoriasi
Et ole pelannut tätä visaa sen viimeisimmän päivityksen jälkeen